Plus grande ville par pays, hors capitale #2 - Statistiques

Statistiques générales
  • Ce quiz a été pris 148 fois
  • Le résultat moyen est 9 sur 15
Statistiques - réponses
Pays Ville % Correct
Espagne Barcelone
98%
Australie Sydney
93%
États-Unis New York
92%
Chine Shanghai
74%
Émirats arabes unis Dubaï
72%
Suisse Zürich
72%
Pologne Cracovie
66%
Égypte Alexandrie
62%
Belgique Anvers
60%
Royaume-Uni Birmingham
56%
Colombie Medellín
54%
Croatie Split
53%
Grèce Thessalonique
40%
Roumanie Cluj
27%
Argentine Córdoba
24%
Aucun quiz correspondant
Distribution des résultats
% des personnes avec chaque résultat
Percentile par nombre de réponses
Votre historique - résultats
Vous n’avez pas pris ce quiz